MARC

LEADER 00000cam a2200000 7i4500
001 0000021374
005 20090122.0
008 090122 my a may
040 |a INS 
090 0 0 |a M191 
110 1 |a Kursus komunikasi berkesan   |k 2007 5 - 7 November   |c INSPEN, Bangi 
245 0 0 |a Kursus komunikasi berkesan :   |b 5 - 7 November 2007   |c Anjuran Pusat Pengurusan dan Teknologi Maklumat INSPEN 
260 |a Bangi :   |b Institut Penilaian Negara ,   |c 2007 
300 |a 1 v. ( Mukasurat pelbagai ) :   |b ill. ;   |c 30 cm. 
650 0 0 |a Communication 
650 0 0 |a Communication in management 
710 1 |a INSPEN ( Institut Penilaian Negara ) 
856 |u http://app.inspen.gov.my:7779/pls/portal/docs/PAGE/CORPORATEPAGES/PORTAL_INSPEN/NOTA_KURSUS/MANAGEMENT/KURSUS%20KOMUNIKASI%20BERKESAN%202007.PDF 
999 |a M000000369   |b BOOK   |c Course Notes   |e Default branch 
999 |a M000000370   |b BOOK   |c Course Notes   |e Default branch 
999 |a M000000413   |b BOOK   |c Course Notes   |e Default branch